00293nam a2200121Ia 4500008004100000041001200041082001100053100001500064245003300079260003300112300000800145650001800153221030s9999 xx 000 0 und d aEnglish a105.23 aM. Agarwal 0aFinance Indiacby M. Agarwal bIndian Inst. of Finacec2002 a497 aBE Management